00978nam a2200277 i 4500001001000000003000900010005001700019007000300036008004000039040003000079041000800109082002500117245010400142264005100246300004500297336002600342337003200368338002800400500002200428504003900450600003600489651003700525651004200562700005000604700004600654000018874DO-SdBNP20250930075019.0ta100520s1989 dr a 1 000 0bspa d aDO-SdBNPbspacBNPHUerda aspa 4a923.57293bL965i22200aIdeario de Luperón (1839-1897) /ccompilador, José Chez Checo ; ilustración, Dionisio Blanco. 4aSanto Domingo :bEdiciones de Taller,c©1989. a354 páginas :bilustraciones ;c23 cm. atextobtxt2rdaconten asin mediciónbn2rdamedia avolumenbnc2rdacarrier aIncluye índices aBibliografía : páginas 321-32314aLuperón, Gregorio,d1839-1897 4aRepública DominicanaxHistoria 4aRepública DominicanavBiografías1 aChez Checo, José,d1949-ecompilador4comp.1 aBlanco, Dionisio,d1953-eilustrador4il.